000 01235cam a2200349 a 4500
003 CHAP
005 20220817043633.0
008 000315d1994 co r 10100 spa d
010 _a80365
011 _a81337
022 _a0245-2528
035 _a91806
040 _cCHAP
082 0 4 _a635.063
_bS6 1994
111 0 0 _aSociedad Interamericana de Horticultura Tropical. Annual Meeting
_n(40 :
_d1994 :
_cCampeche, Camp.)
_9108066
245 1 0 _aProceedings
_c/by Interamerican Society for Tropical Horticulture
260 _aSanta Marta, Colombia :
_bInteramerican Society for Tropical Horticulture,
_c1994.
300 _a274 p.
590 _aBATCH-UPD
_b10
_c20130109
_lUCH01
_h2347
590 _aBATCH-UPD
_b10
_c20130110
_lUCH01
_h0833
590 _aBATCH-UPD
_b10
_c20130410
_lUCH01
_h0511
590 _aBATCH-UPD
_b10
_c20130914
_lUCH01
_h1624
590 _aCONVERSION
_b10
_c20130109
_lUCH01
_h1345
650 1 4 _aHorticultura tropical.
_956387
650 1 4 _aHorticultura
_xCongresos.
_956318
710 0 _aColegio de Postgraduados. Montecillo, Méx.
_925095
710 0 _aUACH.
901 _aBK
905 _aLilia Sánchez G.
942 _cLIBRO
949 _a635.063 S6 1994
_bBC
_cCONG
_d918061
_eCONG
_gI.c/e
_h97133
_i91806
_sb
_t$69.00
999 _c80365
_d80365